000 00611nam a22001817a 4500
003 UA-OsUOA
001 25519
007 ta
008 20040322b un ||||| |||| 00| 0 ukr d
100 _aЧубук Л.П.
942 _cSA
040 _aUA-OsUOA
_cUA-OsUOA
_dUA-OsUOA
245 _aЗміни у системі оподаткування нерухомості як перспективний напрям податкової політики
300 _aС.99-105
955 _a0
773 0 _w0
_tФінанси України
_d2004
_dN3
650 7 _aОподаткування нерухомості
_2UDC
999 _c311817
_d311817